• 首页
  • 本馆介绍
  • 公告通知
  • 最新文献
  • 馆藏检索
  • 电子资源
  • 读者导购
  • 参考咨询
  • 我的图书馆
  • 登录
  • 详细信息显示
  • 放入我的书架
  • 预约/预借图书
  • 作者相关作品
  • 分类相关作品
  • 丛书相关作品
  • 出版社相关作品

书目信息

  • 表格格式
  • 工作单格式
  • 卡片格式
书名: Understanding the main idea. Making
作者:
分册号:
分册名:
出版地: [S.l.] :
 
出版社: Giroux & Williston Jamestown Pub
出版时间: 19--?.
页数: 63 p. :
开本: 19 cm.
丛书名: Comprehension skills series
中图分类号:
科图分类号:
其他分类号: H31
主题词:
电子资源:
000 00613nam 2200193 a 4500
001 E0755540884
005 20070227150535.00
008 001 0 eng
008 uu
040    @aNLC
049    @aN5LA
090    @a2-85/H319.4/U55///////*973593/*973594/ cop.2
096    @aH319.4 @v2
099    @dH31@ex113:2
245 00 @aUnderstanding the main idea. Making
260    @a[S.l.] :@bGiroux & Williston Jamestown Pub.,@c19--?.
300    @a63 p. :@bill. ;@c19 cm.
440  0 @aComprehension skills series @b00 @c20020930 @lNLC09 @h2244 @lNLC09 @h2233 @lNLC09 @h1825
852 9  @bWWJC @cJ08N @k2-85 @hH319.4 @iU55
    
    Understanding the main idea. Making.-[S.l.] : : Giroux & Williston Jamestown Pub., , 19--?.
    63 p. : : ill. ; ; 19 cm.- (Comprehension skills series 00 20020930 NLC09 2244 NLC09 2233 NLC09 1825 )
    
    
    ISBN
    
●
相关链接 在E读中查询图书 在五车中查询图书 在当当中查询图书 在豆瓣中查询图书


正题名:Understanding the main idea. Making     索取号:H31/x113:2         预约/预借

序号 登录号 条形码 馆藏地/架位号 状态 备注
1 45812   001042071   密集书库/ [索取号:H31/x113:2] 在馆    
2 45813   001041991   密集书库/ [索取号:H31/x113:2] 在馆    
3 45814   001039762   第四借阅区/ [索取号:H31/x113:2] 在馆    
4 45815   001041651   密集书库/ [索取号:H31/x113:2] 在馆    
5 45816   001041875   密集书库/ [索取号:H31/x113:2] 在馆    
6 45817   001039717   密集书库/ [索取号:H31/x113:2] 在馆    
7 45819   001041964   密集书库/ [索取号:H31/x113:2] 在馆    
8 45820   001039753   密集书库/ [索取号:H31/x113:2] 在馆    
9 45821   001039824   密集书库/ [索取号:H31/x113:2] 在馆    
10 45822   001041839   密集书库/ [索取号:H31/x113:2] 在馆    
11 45823   001039691   密集书库/ [索取号:H31/x113:2] 在馆    
12 45825   001039735   密集书库/ [索取号:H31/x113:2] 在馆    
13 45826   001039726   第四借阅区/ [索取号:H31/x113:2] 在馆    
14 45827   001039708   密集书库/ [索取号:H31/x113:2] 在馆    
15 45828   001039771   密集书库/ [索取号:H31/x113:2] 在馆    
16 45830   001039780   第四借阅区/ [索取号:H31/x113:2] 在馆    
17 45832   001042080   密集书库/ [索取号:H31/x113:2] 在馆    
18 45833   001042035   密集书库/ [索取号:H31/x113:2] 在馆    
19 45834   001039833   第四借阅区/ [索取号:H31/x113:2] 在馆    
20 45835   001039815   第四借阅区/ [索取号:H31/x113:2] 在馆    
21 45836   001039851   密集书库/ [索取号:H31/x113:2] 在馆    
22 45837   001039744   密集书库/ [索取号:H31/x113:2] 在馆    
23 45838   001042375   密集书库/ [索取号:H31/x113:2] 在馆    
24 45839   001042339   密集书库/ [索取号:H31/x113:2] 在馆    
25 45840   001042295   密集书库/ [索取号:H31/x113:2] 在馆    
26 45841   001039799   密集书库/ [索取号:H31/x113:2] 在馆    
27 96665   001042213   第四借阅区/ [索取号:H31/x113:2] 在馆    
28 96666   001041919   密集书库/ [索取号:H31/x113:2] 在馆    
29 96667   001042008   密集书库/ [索取号:H31/x113:2] 在馆    
30 96669   001041802   密集书库/ [索取号:H31/x113:2] 在馆    
唐山师范学院图书馆 欢迎您!
大连网信软件有限公司© 版权所有